| 000 | 00965nam a22001577a 4500 | ||
|---|---|---|---|
| 003 | OSt | ||
| 005 | 20151214141407.0 | ||
| 008 | 151214b xxu||||| |||| 00| 0 eng d | ||
| 040 | _cRUA | ||
| 082 | _aFIS PIC 2001 B192 Or.1 | ||
| 100 |
_94834 _aPICH, SOMNANG. |
||
| 245 | _aStrategy of groung water usage for using and watering familial crops surroundding water wells in communtities, svay rieng province, haded over by c.w.s, យុទ្ធសាស្រ្តនៃការប្រើប្រាស់ទឹកក្រោមដី ប្រើប្រាស់ និងស្រោមស្រពដំណាំជាដំណាំជាលក្ខណៈគ្រួសារនៅជុំវិញអណ្តូងទឹក ក្នុងសហគមន៏ខេត្តស្វាយរៀង ដែលផ្តល់ដោយអង្កការ c.w.s | ||
| 260 |
_aPhnom Penh _bRUA _c2001 |
||
| 300 |
_a63p. _bill. _c29cm. |
||
| 942 |
_2ddc _cFIS |
||
| 999 |
_c4495 _d4495 |
||